000 00672nam a2200217 u 4500
005 20260324064022.0
008 081211s2006 r 000 0 eng d
020 _a8498420431 (10 dígitos)
020 _a9788498420432 (13 dígitos)
035 _aUPN01000168486
049 _aCG
050 4 _aLB1027
_bM3.2
100 1 _aMartínez-Otero Pérez, Valentín
245 1 0 _aComunidad educativa :
_bclaves psicológicas, pedagógicas y sociales /
_cValentín Martínez-Otero Pérez.
260 _aMadrid :
_bCCS,
_c2006.
300 _a367 p.
440 0 _aCampus ;
_v45
650 4 _aInnovaciones educativas
_9386
650 4 _aReforma educativa
_91530
905 _aLibro
999 _c140593
_d140593